000 00558nam a2200181Ia 4500
008 090124s9999 xx 000 0 und d
082 _b115532
100 _aदेशपांडे ना.व्यं.
245 _a अशी ही माणसेच
250 _a1
260 _c1974
300 _a214
600 _aदेशपांडे ना.व्यं.
630 _a अशी ही माणसेच
700 _aदेशपांडे ना.व्यं.
730 _a अशी ही माणसेच
942 _cBOOK
999 _c161623
_d161623